000 00825nam a2200241 a 4500
001 000042160
003 DO-SdBNP
005 20250923135312.0
008 130718s2013 dr ac 001 0bspa d
020 _a9789945888317
040 _aDO-SdBNP
_bspa
_cBNPHU
082 4 _a923.5
_bV476p, 2013
_222
100 1 _aVeras, Ramón Antonio,
_d1938-
_j(Negro Veras)
_965939
245 1 0 _aParte de mi vida :
_bpara mis hijos, nietas y nietos /
_cRamón Antonio Veras.
250 _a2a. ed.
260 _aSanto Domingo :
_bEDIT.as,
_c2013.
_fBúho
300 _a268 p. :
_bil., retrs. ;
_c23 cm.
500 _aIncluye índice onomástico
600 1 0 _aNegro Veras, Ramón Antonio,
_d1938-
_921520
650 0 _aAbogados
_vBiografía
_94962
910 _aValidado. Control de calidad MFF
942 _2ddc
_cLBS1
999 _c41649
_d41649